| 000 | 00772nam a22002297a 4500 | ||
|---|---|---|---|
| 003 | 0 | ||
| 005 | 20240920111613.0 | ||
| 008 | 240920b xxu||||| |||| 00| 0 eng d | ||
| 020 | _a978-0-357-61901-8 | ||
| 050 |
_aR 727.2 _b.T36 2024 |
||
| 100 | _aTamparo, Carol D. | ||
| 245 |
_aTherapeutic communication for health care professionals _cCarol D. Tamparo |
||
| 250 | _aFifth edition | ||
| 260 |
_aBoston, Massachusetts _bCengage _c2024 |
||
| 300 |
_axix, 236 pages : _bcolored illustrations and pictures ; _c28cm. |
||
| 504 | _aIncludes bibliographical references, glossary, and index. | ||
| 650 | _aAllied health personnel. | ||
| 650 | _aProfessional--patient relations. | ||
| 650 | _aTherapeutic communication. | ||
| 650 | _aTherapy. | ||
| 942 |
_2lcc _cBK |
||
| 999 |
_c366270 _d366270 |
||